Online Public Access Catalog -OPAC

Biofeedback: (Record no. 62282)

MARC details
000 -LEADER
fixed length control field 00570nam a2200169Ia 4500
008 - FIXED-LENGTH DATA ELEMENTS--GENERAL INFORMATION
fixed length control field 100607 1979xxua e | 001 0|eng|d
020 ## - INTERNATIONAL STANDARD BOOK NUMBER
International Standard Book Number 683035770
040 ## - CATALOGING SOURCE
Original cataloging agency DLC
050 ## - LIBRARY OF CONGRESS CALL NUMBER
Classification number RC 489.B53
245 #0 - TITLE STATEMENT
Title Biofeedback:
Remainder of title Principles and Practice for Clinicians /
Statement of responsibility, etc. ed by John V. Basmajian
260 ## - PUBLICATION, DISTRIBUTION, ETC.
Place of publication, distribution, etc. Baltimore:
Name of publisher, distributor, etc. The Williams & Wilkuins
Date of publication, distribution, etc. 1979
300 ## - PHYSICAL DESCRIPTION
Extent x, 282p.:ill.
504 ## - BIBLIOGRAPHY, ETC. NOTE
Bibliography, etc. note Includes bibliographical references.
650 ## - SUBJECT ADDED ENTRY--TOPICAL TERM
Topical term or geographic name entry element Internal medicine;Psychology
700 ## - ADDED ENTRY--PERSONAL NAME
Personal name Basmajian, John V.

No items available.

Customized by ICT Technical Service Unit on 29th Dec 2022

Kashim Ibrahim Library